Domingão jóia (Record no. 112629)

MARC details
000 -LÍDER
campo de controle de tamanho fixo 00483 a2200193 4500
001 - NÚMERO DE CONTROLE
campo de controle 112629
020 ## - ISBN - INTERNATIONAL STANDARD BOOK NUMBER
ISBN - International Standard Book Number 9788585466954
041 ## - CÓDIGO DE IDIOMA
Código do idioma do texto/trilha sonora ou título diferente por
082 ## - CDD - CLASSIFICAÇÃO DECIMAL DE DEWEY
Número de Classificação 028.5
040 ## - FONTE DA CATALOGAÇÃO
Instituição da catalogação original BR-BrIDEA
Instituição que transcreveu o registro BR-BrIDEA
090 ## - NÚMERO DE CHAMADA LOCAL
Número de chamada (OCLC) (R); Número de chamada, CALL (RLIN) (NR) P Year 3 028
Número Cutter local (OCLC); Número de classificação do livro, CALL (RLIN) SOU
100 ## - ENTRADA PRINCIPAL--NOME PESSOAL
Nome pessoal Souza, Flávio de.
245 10 - TÍTULO
Título Domingão jóia
Indicação de responsabilidade, etc. Flávio de Souza
260 ## - PUBLICAÇÃO, DISTRIBUIÇÃO, ETC.
Local de publicação, distribuição, etc. São Paulo
Nome do editor, distribuidor, etc. Companhia das Letrinhas
Data da publicação, distribuição, etc. 1997
521 ## - NOTA DO PÚBLICO ALVO
Nota de público alvo Year 4
697 ## - ENTRADA DE ASSUNTO LOCAL--ENTIDADE COLETIVA (RLIN)
Nome corporativo ou nome da jurisdição Literatura infantojuvenil.
856 ## - LOCALIZAÇÃO ELETRÔNICA E ACESSO
Uniform Resource Identifier <a href="000021/000021df.jpg">000021/000021df.jpg</a>
942 ## - ELEMENTOS DE ENTRADA ADICIONADOS (KOHA)
Tipo de material Koha Livros
Holdings
Situação do descarte Situação das perdas Fonte da classificação ou esquema de arquivamento na estante Situação física Não pode ser emprestado Biblioteca de origem Biblioteca atual Data de aquisição Total de empréstimos Número de chamada completo Código de barras Data de último acesso Data do preço efetivo Tipo de material Koha Data do último empréstimo
          Canadian School of Niterói - Piratininga Canadian School of Niterói - Piratininga 09/02/2024   SOU-D1 A05188 09/02/2024 09/02/2024 Livros  
          Canadian School of Niterói - Piratininga Canadian School of Niterói - Piratininga 09/02/2024 1 SOU-D1 A16991 05/06/2024 09/02/2024 Livros 22/05/2024
    Classificação Decimal de Dewey     ECB - SUDOESTE ECB - SUDOESTE 15/04/2014   P Year 3 028 00008610SSW 23/01/2024 23/01/2024 Livros  
    Classificação Decimal de Dewey     ECB - SUDOESTE ECB - SUDOESTE 04/10/2013   P Year 4 028 00005982SSW 23/01/2024 23/01/2024 Livros  
    Classificação Decimal de Dewey     ECB - SUDOESTE ECB - SUDOESTE 04/10/2013   P Year 4 028 00005981SSW 23/01/2024 23/01/2024 Livros  
    Classificação Decimal de Dewey     ECB - ÁGUAS CLARAS ECB - ÁGUAS CLARAS 09/04/2014 2 AP Year 4 028 SOU 00008500AGC 09/04/2024 23/01/2024 Livros 02/04/2024
    Classificação Decimal de Dewey     ECB - ÁGUAS CLARAS ECB - ÁGUAS CLARAS 10/06/2015 2 AP Year 4 028 SOU 00015748AGC 02/12/2024 23/01/2024 Livros 01/04/2024